Goalscorers under Arne Slot's Liverpool - Statistics

General Stats
  • This quiz has been taken 77 times
    19 since last reset
  • The average score is 20 of 22
Answer Stats
Goals Players % Correct
3 Andy Robertson
100%
9 Diogo Jota
100%
21 Dominik Szoboszlai
100%
2 Jeremie Frimpong
100%
46 Mohamed Salah
100%
13 Virgil van Dijk
100%
12 Alexis Mac Allister
93%
27 Cody Gakpo
93%
7 Florian Wirtz
93%
4 Ibrahima Konaté
93%
17 Luis Díaz
93%
2 Rio Ngumoha
93%
6 Ryan Gravenberch
93%
4 Trent Alexander-Arnold
93%
4 Alexander Isak
87%
5 Federico Chiesa
87%
17 Hugo Ekitike
87%
6 Curtis Jones
80%
7 Darwin Núñez
80%
2 Miloš Kerkez
80%
5 Harvey Elliott
60%
1 Jayden Danns
47%
No matching quizzes found
Score Distribution
Percent of People with Each Score
Percentile by Number Answered
Your Score History
You have not taken this quiz since the last reset